00873nam a2200193 a 450000100100000000500170001000800410002704000250006824500660009326000280015930000210018749000260020870000300023483000330026404900090029795201810030695201750048799900170066200003293020200930065923.0110802s1958 dr 000 0 spa d aDO-SdBNPbspacBNPHU10aPor la democracia dominicana /ccompilador Ramón Grullón. aMéxico, D. F.,c1958. a183 p. ;c22 cm.1 aTribuna Dominicanav41 aGrullón, Ramón958681 0aTribuna Dominicanav4958682 aBNPD 0010718PDaPDbPDcCTd2011-08-02iLF1l0o p32930-20r2020-06-25te. 2w2020-06-25yLFPDzPerteneció a la biblioteca personal de Carlos Larrazábal Blanco.ZNo se presta 001050718RVaPDbPDcCTd2011-08-02iLF1l0o p32930-10r2020-06-25w2020-06-25y1zPerteneció a la biblioteca personal de Carlos Larrazábal Blanco.ZNo se presta c32421d32421